[Event "ch-FRA Blitz Online Qual"]
[Site "Europe-Chess INT"]
[Date "2020.05.16"]
[Round "14"]
[White "Kirk, Ezra"]
[Black "Boulos, Carlos"]
[Result "1-0"]
[WhiteTitle "IM"]
[WhiteElo "2447"]
[BlackElo "2147"]
[WhiteFideId "600067"]
[BlackFideId "5302749"]
[EventDate "2020.05.16"]

1. b3 e5 2. Bb2 Nc6 3. e3 Nf6 4. Nf3 e4 5. Nd4 Be7 6. Nxc6 bxc6 7. Be2 d5 8. a4
a5 9. O-O O-O 10. f3 Bf5 11. Nc3 exf3 12. gxf3 c5 13. Kh1 d4 14. Nb5 c6 15. Na3
Bg6 16. Nc4 Nd5 17. Rg1 Bf6 18. Qf1 Qe7 19. Bd3 dxe3 20. Bxf6 Qxf6 21. dxe3 Rae8
22. Re1 Qc3 23. f4 Be4+ 24. Bxe4 Rxe4 25. Qd3 Qxd3 26. cxd3 Re7 27. Nxa5 Rfe8
28. Nxc6 Re6 29. Ne5 f6 30. Nc4 Nxf4 31. Rd1 Nd5 32. e4 Nb4 33. a5 Rd8 34. Ra1
Nxd3 35. a6 Ra8 36. a7 Re7 37. Rg3 Nb4 38. Ra5 Rexa7 39. Rxc5 Ra1+ 40. Kg2 Nd3
41. Rc7 Nf4+ 42. Kf3 Ng6 43. h4 Rb1 44. h5 Rxb3+ 45. Ne3 Ne5+ 46. Kf4 Nd3+ 47.
Kf5 Ra5+ 48. Nd5 g6+ 49. hxg6 hxg6+ 50. Rxg6+ Kf8 51. Rc8+ Kf7 52. Rxf6+ Kg7 53.
Rc7+ Kg8 54. Rg6+ Kf8 55. Rc8+ Kf7 56. Rc7+ Kf8 57. Rf6+ Kg8 58. Rd6 Rb8 59. e5
Nxe5 60. Kxe5 Re8+ 61. Kf4 Ra4+ 62. Kf5 Ra5 63. Kg6 Rxd5 64. Rxd5 Ra8 65. Rdc5
Ra6+ 66. R5c6 Ra8 67. Rc8+ Rxc8 68. Rxc8# 1-0

[Event "ch-FRA Blitz Online Qual"]
[Site "Europe-Chess INT"]
[Date "2020.05.16"]
[Round "14"]
[White "Baroyan, Davit"]
[Black "Choukri, Adel"]
[Result "0-1"]
[BlackTitle "FM"]
[WhiteElo "2218"]
[BlackElo "2311"]
[WhiteFideId "26033607"]
[BlackFideId "9000399"]
[EventDate "2020.05.16"]

1. d4 d5 2. c4 c6 3. Nc3 Nf6 4. e3 e6 5. Nf3 Nbd7 6. Qc2 a5 7. cxd5 exd5 8. e4
dxe4 9. Nxe4 Bb4+ 10. Bd2 O-O 11. Nxf6+ Nxf6 12. Bxb4 axb4 13. Be2 b3 14. Qxb3
Re8 15. Ne5 Qxd4 16. Qxf7+ Kh8 17. Nf3 Qb4+ 18. Kf1 Qxb2 19. Re1 Be6 20. Qc7
Rxa2 21. Ng5 Qxe2+ 22. Rxe2 Ra1+ 23. Re1 Bc4+ 24. Kg1 Raxe1# 0-1

[Event "ch-FRA Blitz Online Qual"]
[Site "Europe-Chess INT"]
[Date "2020.05.16"]
[Round "14"]
[White "Bournel, Antoine"]
[Black "Guezennec, Franck"]
[Result "0-1"]
[WhiteElo "2238"]
[BlackElo "2272"]
[WhiteFideId "26093553"]
[BlackFideId "633550"]
[EventDate "2020.05.16"]

1. d4 Nf6 2. Nf3 g6 3. Bg5 Bg7 4. Nbd2 h6 5. Bh4 d6 6. e4 O-O 7. Bd3 Nc6 8. O-O
e5 9. dxe5 dxe5 10. Nc4 Qe8 11. c3 Nh5 12. Re1 Bg4 13. Ne3 Be6 14. Bc4 Nf4 15.
Bxe6 Qxe6 16. Bg3 Rad8 17. Qc2 Ne7 18. b4 Nh5 19. Rad1 Nxg3 20. hxg3 f5 21. c4
f4 22. gxf4 Rxd1 23. Rxd1 Rxf4 24. Nd5 Nxd5 25. cxd5 Qg4 26. Nd2 Rf7 27. Nf1 h5
28. Ne3 Qf4 29. d6 cxd6 30. Rxd6 Kh7 31. Nd5 Qg5 32. Nc7 Qe7 33. Nb5 a6 34. Rb6
axb5 35. Rxb5 Qc7 36. Rc5 Qd6 37. Rd5 Qxb4 38. Qc8 Qe1+ 39. Kh2 Qxe4 40. Ra5
Qh4+ 41. Kg1 Qxf2+ 42. Kh2 Qh4+ 43. Kg1 Qe1+ 44. Kh2 Qxa5 45. Qe8 Qc7 46. a4 e4+
47. Kg1 Bd4+ 48. Kh1 Rf1# 0-1

[Event "ch-FRA Blitz Online Qual"]
[Site "Europe-Chess INT"]
[Date "2020.05.16"]
[Round "14"]
[White "Muminova, Nafisa"]
[Black "Burgalat, Eliot"]
[Result "1-0"]
[WhiteTitle "WGM"]
[WhiteElo "2274"]
[BlackElo "1963"]
[WhiteFideId "14201526"]
[BlackFideId "36068659"]
[EventDate "2020.05.16"]

1. d4 e6 2. Nc3 Nf6 3. Bf4 d5 4. Nb5 Bd6 5. Nxd6+ cxd6 6. Nf3 O-O 7. e3 Nc6 8.
Be2 Re8 9. Bg5 h6 10. Bh4 b6 11. O-O Bb7 12. Rc1 e5 13. c3 Rc8 14. Nd2 e4 15. f3
Qe7 16. Bxf6 gxf6 17. fxe4 dxe4 18. Rf4 Nd8 19. Bg4 Ne6 20. Rf2 Kh8 21. Bf5 Rg8
22. Qh5 Qf8 23. Nxe4 Ng5 24. Nxf6 Qg7 25. Ng4 Ne4 26. Nxh6 Nf6 27. Nxf7# 1-0

[Event "ch-FRA Blitz Online Qual"]
[Site "Europe-Chess INT"]
[Date "2020.05.16"]
[Round "14"]
[White "Boyer, Mahel"]
[Black "Joly, Julien"]
[Result "1-0"]
[WhiteTitle "FM"]
[WhiteElo "2294"]
[BlackElo "2188"]
[WhiteFideId "45102422"]
[BlackFideId "26082284"]
[EventDate "2020.05.16"]

1. e4 c5 2. d3 g6 3. g3 Bg7 4. Bg2 e6 5. f4 Ne7 6. Nf3 Nbc6 7. O-O d5 8. c3 b6
9. Na3 dxe4 10. dxe4 Ba6 11. Re1 Qxd1 12. Rxd1 Rd8 13. Be3 O-O 14. e5 Rd5 15.
Ng5 Rxd1+ 16. Rxd1 Rd8 17. Rd6 Bb7 18. Nc4 h6 19. Ne4 Nf5 20. Rxd8+ Nxd8 21. Bf2
Bd5 22. b3 Kf8 23. g4 Ne7 24. Bh4 Bxc4 25. bxc4 Ndc6 26. Nd6 g5 27. fxg5 Bxe5
28. Ne4 hxg5 29. Bxg5 f5 30. gxf5 exf5 31. Nf6 Bxc3 32. h4 Kf7 33. Nd5 Bd4+ 34.
Kf1 Ng6 35. h5 Nge5 36. Nf4 Nb4 37. a3 Nbd3 38. Bd5+ Kf8 39. Ne6+ Ke8 40. h6 Nf7
41. h7 Bh8 42. Be3 Nde5 43. Bf4 Nd3 44. Bb8 Ke7 45. Bxa7 Nb2 46. Bxb6 Kd6 47.
Bxc5+ Ke5 48. Bd4+ Kd6 49. Bxh8 Nxh8 50. Ng5 Kc5 51. Nf7 Nxc4 52. Bxc4 1-0

[Event "ch-FRA Blitz Online Qual"]
[Site "Europe-Chess INT"]
[Date "2020.05.16"]
[Round "14"]
[White "Labrande, Theodore"]
[Black "Song, Julien"]
[Result "0-1"]
[BlackTitle "IM"]
[WhiteElo "2077"]
[BlackElo "2306"]
[WhiteFideId "36045780"]
[BlackFideId "659487"]
[EventDate "2020.05.16"]

1. e4 e6 2. d4 d5 3. Bd3 c5 4. exd5 exd5 5. Nf3 Bd6 6. O-O Ne7 7. Re1 O-O 8.
Bxh7+ Kxh7 9. Ng5+ Kg8 10. Qh5 Bf5 11. Re3 Bg6 12. Qg4 Qd7 13. Qd1 Nbc6 14. dxc5
Bxc5 15. Rh3 Qf5 16. Be3 Bxe3 17. Rxe3 Qxg5 18. Rg3 Qf5 19. Nc3 d4 20. Ne2 Qxc2
21. Qe1 Nf5 22. Rh3 Rfe8 23. Kf1 d3 24. Qc3 Qxe2+ 25. Kg1 d2 26. Rd3 Qe1+ 0-1

[Event "ch-FRA Blitz Online Qual"]
[Site "Europe-Chess INT"]
[Date "2020.05.16"]
[Round "14"]
[White "Monnot, Leo"]
[Black "Razafindratsima, Timothe"]
[Result "0-1"]
[BlackTitle "FM"]
[WhiteElo "1964"]
[BlackElo "2336"]
[WhiteFideId "26093103"]
[BlackFideId "36069884"]
[EventDate "2020.05.16"]

1. e4 c5 2. Nf3 d6 3. d4 cxd4 4. Nxd4 Nf6 5. Nc3 a6 6. Be2 e5 7. Nb3 Be7 8. Be3
Be6 9. Qd2 Nbd7 10. a4 Rc8 11. a5 Qc7 12. O-O O-O 13. f3 Rfd8 14. Rfd1 Nf8 15.
Qe1 Qb8 16. Qf2 d5 17. exd5 Nxd5 18. Nxd5 Rxd5 19. Rxd5 Bxd5 20. Rd1 Bxb3 21.
cxb3 Rc2 22. Rd2 Qc8 23. Bc4 Rc1+ 24. Bf1 f5 25. Re2 Rb1 26. Bb6 Nd7 27. Rc2 Qf8
28. Be3 f4 29. Bc1 Bc5 30. Rxc5 Qxc5 31. Qxc5 Nxc5 32. Bd2 Nxb3 33. Bc3 Nd4 34.
Kf2 Kf7 35. Bd3 Ra1 36. Be4 Nc6 37. b4 Ra2+ 38. Kf1 Kf6 39. g3 Ra3 40. Be1 fxg3
41. hxg3 h5 42. Ke2 Rb3 43. Bxc6 bxc6 44. Bd2 Kf5 45. Be1 g5 46. Bd2 h4 47. gxh4
gxh4 48. Be1 h3 49. Kf2 Rb2+ 50. Kg3 h2 0-1

[Event "ch-FRA Blitz Online Qual"]
[Site "Europe-Chess INT"]
[Date "2020.05.16"]
[Round "14"]
[White "Le Huec, Marc"]
[Black "Zniber, Reda"]
[Result "1-0"]
[WhiteElo "2213"]
[BlackElo "1986"]
[WhiteFideId "624829"]
[BlackFideId "36054224"]
[EventDate "2020.05.16"]

1. d4 d5 2. c4 e6 3. Nc3 Nf6 4. cxd5 exd5 5. Bg5 Be7 6. e3 O-O 7. Bd3 c6 8. Qc2
Nbd7 9. Nge2 Re8 10. O-O-O b5 11. Ng3 Nf8 12. Rhe1 a5 13. Kb1 a4 14. Nce2 b4 15.
Bxf6 Bxf6 16. Qxc6 Be6 17. Rc1 a3 18. b3 Rc8 19. Qa6 Qe7 20. Rxc8 Bxc8 21. Qb5
Bd7 22. Qxd5 Be6 23. Qc5 Qxc5 24. dxc5 Rc8 25. Rc1 Nd7 26. Ne4 Be7 27. Ba6 Rc7
28. c6 Ne5 29. Nd4 Bd5 30. f3 Bd8 31. Bb5 g6 32. Nd6 f5 33. h3 Kg7 34. f4 Nf7
35. Nb7 Be7 36. Bc4 Bxc4 37. Rxc4 Nd6 38. Ne6+ Kf6 39. Nxc7 Nxc4 40. bxc4 b3 41.
axb3 Bb4 42. Nd5+ Ke6 43. Nxb4 g5 44. g3 a2+ 45. Kxa2 h5 46. fxg5 h4 47. gxh4 f4
48. exf4 Ke7 49. f5 Ke8 50. Nd5 Kf7 51. Nc5 Kg7 52. c7 Kf7 53. c8=Q Kg7 54. Qc7+
Kf8 55. b4 Ke8 56. b5 Kf8 57. b6 Ke8 58. b7 1-0

[Event "ch-FRA Blitz Online Qual"]
[Site "Europe-Chess INT"]
[Date "2020.05.16"]
[Round "14"]
[White "Doluhanova, Evgeniya"]
[Black "Baudouin, Simon"]
[Result "1/2-1/2"]
[WhiteTitle "WGM"]
[WhiteElo "2229"]
[BlackElo "1926"]
[WhiteFideId "14112035"]
[BlackFideId "36051284"]
[EventDate "2020.05.16"]

1. Nf3 Nf6 2. b3 g6 3. Bb2 Bg7 4. e3 d5 5. c4 c6 6. Nc3 O-O 7. Be2 Nbd7 8. O-O
e5 9. cxd5 cxd5 10. d4 e4 11. Ne5 Qe7 12. Nxd7 Bxd7 13. a4 Rfc8 14. Qd2 a6 15.
f3 Qb4 16. fxe4 dxe4 17. Bc4 b5 18. Ba3 Qa5 19. b4 Qc7 20. Nd5 Qxc4 21. Nxf6+
Bxf6 22. Rxf6 Bf5 23. Rc1 Qd3 24. Qe1 Qxa3 25. Rd1 Bg4 26. Ra1 Qd3 27. h3 Be6
28. Qf2 Rc2 29. Qf4 Qe2 30. Qg3 Kg7 31. Raf1 Rac8 32. R6f2 Qd3 33. Qe5+ Kg8 34.
Kh2 Rxf2 35. Rxf2 Qxe3 36. Rf6 Re8 37. d5 h5 38. dxe6 Rxe6 39. Rxe6 fxe6 40.
Qxe6+ Kh7 41. Qf7+ Kh6 42. Qf8+ Kg5 43. Qe7+ Kh6 44. Qf8+ Kg5 45. Qe7+ Kf5 46.
Qf7+ Ke5 47. Qg7+ Kd5 48. Qf7+ Kd4 49. Qa7+ Kd3 50. Qxa6 Qf4+ 51. Kh1 Qf1+ 52.
Kh2 Qf4+ 53. Kh1 Qf1+ 54. Kh2 Qf4+ 1/2-1/2

[Event "ch-FRA Blitz Online Qual"]
[Site "Europe-Chess INT"]
[Date "2020.05.16"]
[Round "14"]
[White "Zienkiewicz, Jan"]
[Black "Bouget, Alexandre"]
[Result "1-0"]
[BlackTitle "FM"]
[WhiteElo "1914"]
[BlackElo "2238"]
[WhiteFideId "45116768"]
[BlackFideId "681318"]
[EventDate "2020.05.16"]

1. e4 e5 2. Nf3 Nc6 3. Bc4 Bc5 4. c3 d6 5. d3 h6 6. O-O Qf6 7. Nbd2 Nge7 8. b4
Bb6 9. a4 a5 10. b5 Nd8 11. Bb2 g5 12. d4 Ne6 13. Bxe6 Bxe6 14. c4 exd4 15. Re1
g4 16. e5 dxe5 17. Nxe5 h5 18. Qe2 Bc5 19. Nxf7 Kxf7 20. Ne4 Qe5 21. Nxc5 Qxe2
22. Rxe2 Bxc4 23. Rc2 Bd5 24. Bxd4 Rhd8 25. Re1 Bxg2 26. Kxg2 Rxd4 27. Nxb7 Nd5
28. Rc5 h4 29. Rec1 Re8 30. Rxc7+ Nxc7 31. Rxc7+ Kg6 32. Rc6+ Kg5 33. Rc5+ Kf4
34. Rc1 h3+ 35. Kf1 Rxa4 36. Nd6 Rb8 37. Rc5 Ra1+ 38. Ke2 Ra2+ 39. Kd3 Rxf2 40.
Rf5# 1-0

[Event "ch-FRA Blitz Online Qual"]
[Site "Europe-Chess INT"]
[Date "2020.05.16"]
[Round "14"]
[White "Degardin, Sylvain"]
[Black "Bakouri, Abdelmajid"]
[Result "1-0"]
[WhiteElo "2267"]
[BlackElo "1871"]
[WhiteFideId "20623070"]
[BlackFideId "7901682"]
[EventDate "2020.05.16"]

1. e4 g6 2. d4 Bg7 3. Nc3 d6 4. Be3 Nf6 5. Qd2 Ng4 6. Bg5 h6 7. Bh4 O-O 8. h3
Nf6 9. f4 Nc6 10. Nf3 d5 11. e5 Ne4 12. Qe3 Nb4 13. O-O-O Nxc3 14. bxc3 Na6 15.
g4 c6 16. Rg1 Qa5 17. Bxe7 Re8 18. Bd6 Qxa2 19. f5 gxf5 20. gxf5 Bxf5 21. Bd3
Bxd3 22. Qxd3 Re6 23. Nh4 Kh8 24. Nf5 Rg6 25. Rxg6 fxg6 26. Nxg7 Kxg7 27. e6 Re8
28. Qf3 Ra8 29. Qf7+ Kh8 30. Be5# 1-0

[Event "ch-FRA Blitz Online Qual"]
[Site "Europe-Chess INT"]
[Date "2020.05.16"]
[Round "14"]
[White "Babaud, Antoine"]
[Black "Maisuradze, Nino"]
[Result "0-1"]
[BlackTitle "WGM"]
[WhiteElo "1943"]
[BlackElo "2214"]
[WhiteFideId "45185484"]
[BlackFideId "13601717"]
[EventDate "2020.05.16"]

1. d4 d5 2. Nf3 Nf6 3. c4 e6 4. Nc3 Be7 5. cxd5 exd5 6. Bg5 c6 7. e3 Bf5 8. Bd3
Bxd3 9. Qxd3 O-O 10. O-O Nbd7 11. a3 Re8 12. b4 b5 13. Rfb1 a5 14. bxa5 Rxa5 15.
Bxf6 Nxf6 16. a4 b4 17. Ne2 Nd7 18. Qc2 Qa8 19. Nf4 Bd6 20. Nd3 Rb8 21. Qb3 Nb6
22. Nb2 Rb7 23. Rc1 Rba7 24. Qc2 Rc7 25. Qd1 h6 26. Nd2 Nd7 27. Nb3 Raa7 28. Qc2
Qe8 29. Nd3 f5 30. Nbc5 Nb6 31. Nxb4 Bxc5 32. dxc5 Nc4 33. Qd3 Rf7 34. Re1 Rae7
35. Kf1 Rf6 36. Nc2 Qa8 37. Nd4 g6 38. Reb1 Rb7 39. Rxb7 Qxb7 40. Rb1 Qa7 41.
Qb3 Qxc5 42. Qb8+ Rf8 43. Qb7 Nd2+ 44. Ke2 Nxb1 45. Qxb1 Qc4+ 46. Kf3 Rf7 47.
Qb8+ Kh7 48. Qe8 Rg7 49. a5 c5 50. Ne6 Qe4+ 51. Ke2 Qc2+ 52. Kf3 Qe4+ 53. Ke2
Rb7 54. Nf8+ Kg7 55. Ne6+ Kf6 56. Qf8+ Kxe6 57. Qe8+ Re7 58. Qc8+ Kf7 59. Qh8
Qc4+ 60. Kf3 Qg4# 0-1

[Event "ch-FRA Blitz Online Qual"]
[Site "Europe-Chess INT"]
[Date "2020.05.16"]
[Round "14"]
[White "Coutton, Sylvain"]
[Black "Louvrier Saint-Mary, Jean-Roger"]
[Result "1-0"]
[WhiteElo "2185"]
[BlackElo "1780"]
[WhiteFideId "610194"]
[BlackFideId "618349"]
[EventDate "2020.05.16"]

1. d4 f5 2. g3 Nf6 3. Bg2 c6 4. c4 d6 5. Nf3 g6 6. Nc3 Bg7 7. O-O O-O 8. Qb3 Kh8
9. Re1 Nbd7 10. Ng5 Nb6 11. c5 Nbd5 12. Nxd5 Nxd5 13. Bxd5 cxd5 14. Qxd5 e6 15.
Nxe6 Bxe6 16. Qxe6 dxc5 17. dxc5 Re8 18. Qb3 Bd4 19. e3 Bxc5 20. Qc3+ 1-0

[Event "ch-FRA Blitz Online Qual"]
[Site "Europe-Chess INT"]
[Date "2020.05.16"]
[Round "14"]
[White "Haberthur, Maxime"]
[Black "Devallee, Jeremie"]
[Result "0-1"]
[BlackTitle "FM"]
[WhiteElo "1941"]
[BlackElo "2230"]
[WhiteFideId "36097551"]
[BlackFideId "665240"]
[EventDate "2020.05.16"]

1. e4 c5 2. Nc3 d6 3. g3 g6 4. Bg2 Bg7 5. d3 Nc6 6. Be3 e5 7. Qd2 f5 8. f4 Nf6
9. h3 O-O 10. Nf3 Nh5 11. Bf2 exf4 12. gxf4 fxe4 13. dxe4 Nxf4 14. Bg3 Nxg2+ 15.
Qxg2 Qf6 16. O-O Qe6 17. Rad1 Nd4 18. Ng5 Qe7 19. Bh2 Be6 20. Nxe6 Qxe6 21. Nd5
Rxf1+ 22. Rxf1 Rf8 23. Rxf8+ Bxf8 24. c3 Nc6 25. Qf3 Bg7 26. Bf4 Ne5 27. Qg3 b6
28. b3 Nf7 29. Qg2 Be5 30. c4 Kg7 31. Qf3 Bd4+ 32. Kh2 Ne5 33. Qf1 Qf7 34. Qg2
h6 35. Kh1 g5 36. Bd2 Qf3 37. Nc7 Qd1+ 38. Kh2 Qxd2 39. Qxd2 Nf3+ 40. Kg3 Nxd2
41. Ne6+ Kf6 42. Nc7 Be5+ 43. Kf2 Nxe4+ 44. Ke3 Nc3 45. a4 h5 46. Ne8+ Kf5 47.
Nc7 g4 48. hxg4+ Kxg4 49. Kf2 h4 50. Ne6 h3 51. Kg1 Kf5 52. Nc7 Ke4 53. Ne8 d5
54. cxd5 Nxd5 55. Kh1 Kd3 56. b4 cxb4 57. a5 bxa5 58. Nc7 Bxc7 59. Kg1 h2+ 60.
Kf2 a4 61. Kf3 a5 62. Kg4 a3 63. Kf5 b3 64. Ke6 Kc4 65. Kd7 a4 66. Kc6 a2 67.
Kb7 a3 68. Kc6 b2 69. Kb7 Kc5 70. Kc8 Be5 71. Kd7 a1=Q 72. Ke6 b1=Q 73. Kd7 Qg6
74. Kc8 Qh7 75. Kd8 Qd4 76. Ke8 h1=Q 77. Kf8 a2 78. Ke8 Qg7 79. Kd8 Qf7 80. Kc8
a1=Q 81. Kd8 Nb6# 0-1

[Event "ch-FRA Blitz Online Qual"]
[Site "Europe-Chess INT"]
[Date "2020.05.16"]
[Round "14"]
[White "Gherghinoiu, Lucas"]
[Black "Koelsch, Gilbert"]
[Result "1-0"]
[BlackTitle "CM"]
[WhiteElo "2089"]
[BlackElo "2159"]
[WhiteFideId "36051462"]
[BlackFideId "612243"]
[EventDate "2020.05.16"]

1. b3 Nf6 2. Bb2 g6 3. g3 Bg7 4. Bg2 d6 5. d3 Nc6 6. Nd2 e5 7. e3 O-O 8. Ne2 Ne8
9. O-O f5 10. f4 Qe7 11. e4 Nf6 12. h3 Bd7 13. Kh2 Rae8 14. Qe1 fxe4 15. Nxe4
Nd5 16. Qd2 exf4 17. Bxg7 fxg3+ 18. N4xg3 Rxf1 19. Bxd5+ Kxg7 20. Rxf1 Ne5 21.
d4 Ng4+ 22. hxg4 Qh4+ 23. Kg2 Bxg4 24. Rf7+ Kh8 25. Ng1 Bc8 26. Qf4 Qxf4 27.
Rxf4 c6 28. Bf3 Kg7 29. N1e2 h5 30. Ne4 Rd8 31. Ng5 Bf5 32. c4 Kf6 33. Ne4+ Kg7
34. N2g3 Bc8 35. c5 d5 36. Nd6 Be6 37. Bd1 Rd7 38. Rf2 h4 39. Ne2 g5 40. Ng1 g4
41. Rf4 h3+ 42. Kh2 Kh6 43. Bxg4 Bxg4 44. Rxg4 Re7 45. Nf5+ 1-0

[Event "ch-FRA Blitz Online Qual"]
[Site "Europe-Chess INT"]
[Date "2020.05.16"]
[Round "14"]
[White "Pigeat, Alexandre"]
[Black "Triton, Maxime"]
[Result "1-0"]
[WhiteTitle "FM"]
[WhiteElo "2293"]
[BlackElo "1843"]
[WhiteFideId "20649444"]
[BlackFideId "36062979"]
[EventDate "2020.05.16"]

1. d4 Nf6 2. c4 g6 3. f3 Bg7 4. e4 d6 5. Nc3 O-O 6. Be3 c5 7. d5 e6 8. Qd2 exd5
9. cxd5 Nbd7 10. Nge2 Ne5 11. Ng3 h5 12. Bg5 a6 13. a4 Qa5 14. Be2 b5 15. O-O b4
16. Nd1 Bd7 17. b3 Rac8 18. Nb2 Qb6 19. f4 c4+ 20. Kh1 c3 21. Qc2 cxb2 22. Qxb2
Neg4 23. e5 Nxd5 24. Bxg4 Bxg4 25. Ne4 dxe5 26. fxe5 Nc3 27. Nf6+ Bxf6 28. Bxf6
Qe6 29. h3 Bf5 30. Qd2 Kh7 31. Qf4 Nd5 32. Qg5 Nxf6 33. exf6 Rh8 34. Rae1 Qd7
35. Re7 Qd5 36. Rfe1 Rhf8 37. R7e5 Qd7 38. Rf1 Rc3 39. Rexf5 Rd8 40. Re5 Re8 41.
Re7 Qc6 42. Rxf7+ Kh8 43. Qh6+ Kg8 44. Qg7# 1-0

[Event "ch-FRA Blitz Online Qual"]
[Site "Europe-Chess INT"]
[Date "2020.05.16"]
[Round "14"]
[White "Sesia, Noah"]
[Black "Testud, Philippe"]
[Result "0-1"]
[WhiteElo "1822"]
[BlackElo "2123"]
[WhiteFideId "26066904"]
[BlackFideId "611409"]
[EventDate "2020.05.16"]

1. d4 Nf6 2. Bf4 e6 3. e3 d5 4. Nd2 c5 5. c3 Bd6 6. Bg3 O-O 7. Bd3 Qc7 8. Ngf3
Nbd7 9. Bxd6 Qxd6 10. O-O b6 11. e4 dxe4 12. Nxe4 Qe7 13. Re1 Bb7 14. Qc2 Rac8
15. Rad1 cxd4 16. Nxd4 h6 17. Nb5 Nxe4 18. Bxe4 Bxe4 19. Qxe4 Nf6 20. Qe2 Rc5
21. Nd4 Qb7 22. c4 a6 23. b3 Rg5 24. Nf3 Rc5 25. Ne5 Rfc8 26. Qd3 b5 27. Re2
bxc4 28. bxc4 Qc7 29. f4 Qa5 30. Qd2 Qxd2 31. Rdxd2 h5 32. Rb2 Ng4 33. Nxg4 hxg4
34. Kf2 Rxc4 35. Kg3 f5 36. Rxe6 Kf7 37. Rxa6 R8c7 38. Rab6 Rc3+ 39. Kh4 R3c4
40. Rb7 Kg6 41. Rxc7 Rxc7 42. Rb3 Rc6 43. Kg3 Kf6 44. a3 g5 45. Re3 gxf4+ 46.
Kxf4 Rc4+ 47. Kg3 f4+ 48. Kxg4 fxe3+ 0-1

[Event "ch-FRA Blitz Online Qual"]
[Site "Europe-Chess INT"]
[Date "2020.05.16"]
[Round "14"]
[White "Acudad, Marsuk"]
[Black "Soubirou, Oriane"]
[Result "0-1"]
[WhiteElo "1665"]
[BlackElo "2144"]
[WhiteFideId "689157"]
[BlackFideId "686034"]
[EventDate "2020.05.16"]

1. d4 Nf6 2. c4 c5 3. d5 b5 4. cxb5 a6 5. Nc3 d6 6. e4 g6 7. bxa6 Bxa6 8. Bxa6
Nxa6 9. h3 Bg7 10. Nf3 O-O 11. O-O Qb6 12. Re1 Nd7 13. Qd2 Nc7 14. b3 Qb4 15.
Bb2 Rfb8 16. Rec1 Nb5 17. Nxb5 Qxd2 18. Nxd2 Bxb2 19. Nc3 Ne5 20. Rab1 Bxc1 21.
Rxc1 Nd3 22. Rc2 Nb4 23. Rb2 e6 24. dxe6 fxe6 25. Nc4 d5 26. exd5 exd5 27. Ne5
d4 28. Ne4 Re8 29. Nf6+ Kg7 30. Nxe8+ Rxe8 31. Nc4 Re1+ 32. Kh2 Nd3 33. Rd2 Nc1
34. Na5 d3 35. Nb7 Re2 36. Rd1 Rc2 37. Nd6 Rxa2 38. Ne4 Rc2 39. Nd2 Rc3 40. Ne4
Rc2 41. Nd2 Na2 42. Nc4 Nb4 43. Ne5 Rc3 44. Rd2 Rxb3 45. Nd7 Rc3 46. Ne5 c4 47.
Nf3 Rc2 48. Kg3 c3 49. Rd1 d2 50. Nxd2 cxd2 51. Kf3 Nd5 52. Ke4 Nc3+ 0-1

[Event "ch-FRA Blitz Online Qual"]
[Site "Europe-Chess INT"]
[Date "2020.05.16"]
[Round "14"]
[White "Carvallo, Henri"]
[Black "Rasolo, Loick"]
[Result "1-0"]
[WhiteElo "2069"]
[BlackElo "1951"]
[WhiteFideId "619914"]
[BlackFideId "36004049"]
[EventDate "2020.05.16"]

1. d4 Nf6 2. Bf4 c5 3. e3 Qb6 4. Nc3 Qxb2 5. Nb5 Nd5 6. a3 a6 7. Rb1 Qa2 8. Qc1
axb5 9. Ra1 Qxa1 10. Qxa1 e5 11. Bxe5 c4 12. Bxb8 Rxa3 13. Qc1 Bb4+ 14. Ke2 O-O
15. Kf3 b6 16. Bf4 Bb7 17. Kg3 Nxf4 18. Kxf4 Bd6+ 19. Kg4 f5+ 20. Kh3 g5 21. f3
Rf6 22. g3 g4+ 23. Kg2 gxf3+ 24. Nxf3 Be4 25. Be2 Ra2 26. Bd1 b4 27. Rf1 b3 28.
Kg1 Ba3 29. Qb1 Bxc2 30. Bxc2 Rxc2 31. Ne5 b5 32. Nxd7 Re6 33. Ne5 Rh6 34. h4
Ra6 35. Qd1 Bd6 36. Qh5 Bxe5 37. Qe8+ Kg7 38. Qxe5+ Kf7 39. Rxf5+ Kg6 40. Rg5+
Kf7 41. Rg7+ Kf8 42. Qe7# 1-0

[Event "ch-FRA Blitz Online Qual"]
[Site "Europe-Chess INT"]
[Date "2020.05.16"]
[Round "14"]
[White "Schweitzer, Adrien"]
[Black "Moracchini, Margaux"]
[Result "1-0"]
[WhiteElo "2086"]
[BlackElo "1933"]
[WhiteFideId "628220"]
[BlackFideId "36018198"]
[EventDate "2020.05.16"]

1. d4 Nf6 2. c4 g6 3. Nc3 Bg7 4. e4 d6 5. Be2 O-O 6. Nf3 e5 7. O-O Nbd7 8. Re1
h6 9. a3 a5 10. b3 Re8 11. Bf1 exd4 12. Nxd4 Nc5 13. f3 Bd7 14. Bb2 Re7 15. b4
axb4 16. axb4 Rxa1 17. Bxa1 Na6 18. Qb3 Nxe4 19. Nxe4 c5 20. bxc5 dxc5 21. Nb5
f5 22. Bxg7 Kxg7 23. Qc3+ Kf8 24. Qh8+ 1-0

[Event "ch-FRA Blitz Online Qual"]
[Site "Europe-Chess INT"]
[Date "2020.05.16"]
[Round "14"]
[White "Ribiere, Damien"]
[Black "Capton, Rafael"]
[Result "1-0"]
[WhiteElo "2083"]
[BlackElo "1737"]
[WhiteFideId "26041634"]
[BlackFideId "36084778"]
[EventDate "2020.05.16"]

1. e4 e5 2. Nf3 Nc6 3. Bc4 Nf6 4. d3 Bc5 5. Nc3 d6 6. h3 Be6 7. Bb3 Qd7 8. Be3
Bb6 9. Qd2 Bxb3 10. axb3 Bxe3 11. fxe3 d5 12. exd5 Nxd5 13. Nxd5 Qxd5 14. e4 Qd8
15. O-O O-O 16. Kh1 f5 17. exf5 Rxf5 18. Qe3 Qf6 19. Rae1 Rf8 20. c3 h6 21. Kg1
Ne7 22. Nd2 Qg6 23. Rxf5 Rxf5 24. Rf1 Rg5 25. Qe4 Qb6+ 26. Kh2 Qc6 27. b4 Rg6
28. Nf3 Qxe4 29. dxe4 Rf6 30. Rd1 Rd6 31. Ra1 a6 32. Nxe5 Re6 33. Nd7 Rxe4 34.
Nc5 Re2 35. Nxb7 Rxb2 36. Rxa6 Nd5 37. Rc6 Ne3 38. Kg3 Nxg2 39. Rxc7 Ne3 40. Kf3
Nd5 41. Rc5 Nb6 42. Nd6 Rb3 43. Ne4 Na4 44. Rc7 Kh7 45. h4 Rb2 46. h5 Kg8 47.
Kf4 Rh2 48. Ng3 Rf2+ 49. Ke3 Rh2 50. b5 Rb2 51. c4 Rb3+ 52. Kf4 Rc3 53. Ne4 Rc2
54. Ke5 Nb6 55. Nd6 Re2+ 56. Kd4 Rd2+ 57. Kc5 Na4+ 58. Kc6 Nb2 59. c5 Rd4 60.
Nb7 Nd3 61. b6 Ne5+ 62. Kb5 Rd5 63. Nd6 Nd3 64. b7 Nxc5 65. Rxc5 Rxd6 66. b8=Q+
Kh7 67. Qxd6 1-0

[Event "ch-FRA Blitz Online Qual"]
[Site "Europe-Chess INT"]
[Date "2020.05.16"]
[Round "14"]
[White "Morais, Mario"]
[Black "Saba, Nathalie"]
[Result "1-0"]
[WhiteElo "2061"]
[BlackElo "1626"]
[WhiteFideId "614270"]
[BlackFideId "26095939"]
[EventDate "2020.05.16"]

1. d4 Nf6 2. Nc3 c5 3. d5 d6 4. e4 g6 5. f4 a6 6. a4 Bg7 7. Nf3 O-O 8. Bc4 Nbd7
9. O-O Rb8 10. Qe2 Nb6 11. Bd3 Qc7 12. a5 Nbd7 13. h3 Ra8 14. Bd2 e6 15. dxe6
fxe6 16. Bc4 Nb8 17. Ng5 Qe7 18. f5 Nc6 19. Bxe6+ Kh8 20. Bxc8 Raxc8 21. Ne6 Rf7
22. Bg5 Nd4 23. Nxd4 cxd4 24. Bxf6 Bxf6 25. Nd5 Qd8 26. fxg6 hxg6 27. Qg4 Kg7
28. Rxf6 Rxf6 29. Nxf6 Kxf6 30. Rf1+ Kg7 31. Qe6 Rc7 32. Qd5 Qd7 33. Qxd4+ Kh7
34. Qf2 Qc6 35. Qh4+ Kg7 36. Qf6+ Kh7 37. e5 Qc5+ 38. Kh1 dxe5 39. Qh4+ Kg7 40.
Qf6+ Kh7 41. Qf3 Qxc2 42. Rf2 Qc6 43. Qg3 Qc1+ 44. Kh2 Qc5 45. Rf6 Rc6 46. Qxg6+
Kh8 47. Qh6+ Kg8 48. Rg6+ Kf7 49. Rg7+ Ke8 50. Qh8+ Qf8 51. Rg8 Rf6 52. Rxf8+
Rxf8 53. Qxe5+ Kd7 54. Qc5 Rc8 55. Qb6 Rc7 56. h4 Kc8 57. h5 Rh7 58. Qe6+ Kc7
59. Qe5+ Kc8 60. Qf5+ Rd7 61. Qxd7+ Kxd7 62. h6 Ke7 63. h7 Kd6 64. h8=Q Kc5 65.
Qc3+ Kb5 1-0